000 01150nas a2200337 4500
001 BR2015004746
003 BR-BrBNA
005 20231205125628.0
007 ta
008 230509b bl.|||p| |||| 00| 00por d
040 _aBR-BrBNA
_bpor
_cBiblioteca Nacional de Agricultura
041 _a(Pt)
072 _aU10; N20
100 1 _aNiemczewski, B.K.
100 1 _aReis, Â.V. dos
100 1 _aMachado, R.L.T.
100 1 _aMachado, A.L.T.
245 1 _aValidação de um modelo de cálculo por elementos finitos do chassi de uma semeadora de quatro linhas
246 1 _aValidation of a finite element calculation model for a four-row planter frame
650 _aMODELO MATEMATICO
650 _aSEMEADEIRA
650 _aMAQUINA AGRICOLA
650 _aMECANIZACAO AGRICOLA
650 _aAGRICULTURA FAMILIAR
650 _aPROGRAMA DE COMPUTADOR
650 _aMODELO DE SIMULACAO
773 0 _tEngenharia Agrícola (Brazil)
_xISSN 1809-4430
_g(Jan-Feb 2014), v. 34(1) p. 161-170
_wBR2015004746
856 4 0 _uhttp://www.scielo.br/pdf/eagri/v34n1/v34n1a17.pdf
909 _a202311
_bLúcia
_c55
_dLúcia Elande
942 _2AGRIS
_n0
_cANA
999 _c245269
_d245269